Statistics for Poorest Countries In Asia

Click here to take the quiz!

General Stats

  • This quiz has been taken 51 times
  • The average score is 8 of 10

Answer Stats

GDP Per CapitaCountry% Correct
$651North Korea
83%
$1,266Syria
83%
$851Yemen
83%
$718Nepal
80%
$729Tajikistan
76%
$1,637India
74%
$1,004Kyrgyzstan
74%
$1,197Cambodia
72%
$1,279Pakistan
72%
$1,207Myanmar
67%

Score Distribution

Percentile by Number Answered

Percent of People with Each Score

Your Score History

You have not taken this quiz